000 00619nam a2200217 a 4500
001 14807
003 BD-RjUL
005 20211208235709.0
008 140208r19681964enk 000 0 eng d
035 _a(BD-RjUL)14861
040 _aANL
_beng
_cBD-RjUL
_dBD-RjUL
041 _aeng
082 0 4 _a658
_bDUF 1968
100 1 _aDugdale, Jack Stuart.
_946126
245 1 0 _aFundamentals of modern management /
_cby J. S. Dugdale.
250 _a[2d ed.].
260 _aBath, Eng. :
_bBrodie,
_c1968[3rd impression 1968]
300 _billus.
_aviii,290p.:
_c22cm.
650 0 _aIndustrial management.
_946127
942 _2ddc
_cBK
999 _c14807
_d14807